000 00711nam a22002177a 4500
999 _c15069
_d15069
003 AR-CdUCM
008 190425b ||||| |||| 00| 0 spa d
020 _a978-612-316-238-2
040 _aMUNICIPALIDAD PROVINCIAL DEL CUSCO
_cBIBLIOTECA MUNICIPAL DEL CUSCO
082 _aPI / 376.1 /
_bP33
100 _aPaz, Andrea
_924599
245 _aChimoc y Pollito visitan la biblioteca /
260 _aLima :
_bEdiciones SM,
_c2015.
300 _a39 páginas ;
_bilustraciones,
_c22.5 cm
_eCD.
650 _aAprendizaje infantil
_933271
650 _aLiteratura infantil
_9588
650 _aCuentos infantiles
_93927
700 _aPaz, Claudia (coautora)
_934083
942 _2ddc
_cLIBROS
945 _aachl
_d2019-04-25